LOTR: Residents of Middle-Earth: Gondolin - Statistics

General Stats
  • This quiz has been taken 74 times
  • The average score is 14 of 24
Answer Stats
Answer % Correct
Turgon King of Gondolin
94%
Tuor Son of #6. Husband of #2. Lord of the House of the Wing.
90%
Glorfindel Lord of the House of the Golden Flower. Escaped the Fall of Gondolin, but died killing a Balrog during the escape. Returned to Middle-earth in the Second Age
88%
Húrin A man of the House of Hador. Saved by the eagles and brought to Gondolin. Was allowed to leave after swearing an oath of secrecy.
88%
Maeglin Nephew of the King. Son of #3 and the dark elf Eöl. Lord of the House of the Mole.
88%
Eärendil The Mariner. Son of #2 and #7, one of the Half-elven. Narrowly escaped the Fall of Gondolin at seven years old.
86%
Idril Celebrindal Princess of Gondolin
86%
Huor Younger brother of #5. A man of the House of Hador. Saved by the eagles and brought to Gondolin. Was allowed to leave after swearing an oath of secrecy.
84%
Ecthelion Lord of the House of the Fountain. "had the most beautiful voice and greatest musical talent with the flute" Fought Gothmog, Lord of Balrogs in the Place of the Fountain, where they slew each other.
76%
Aredhel The King's sister
69%
Rog Lord of the house of the Hammer of Wrath. "strongest of the Noldor, considered third greatest in valour"
59%
Voronwë A mariner of Gondolin. Son of #8. Shipwrecked and brought to Vinyamar by Ulmo, where he became the guide of #7 to Gondolin
59%
Galdor Lord of the house of the Tree. "Bravest of the Gondolindrim, save the King himself". Escaped the Fall of Gondolin.
45%
Legolas A scout of the house of the Tree. Guide of the escapees of the Fall of Gondolin. Not to be confused with a member of the famous Fellowship in the Third Age.
43%
Duilin Lord of the House of the Swallow. "swiftest of all men to run and leap"
41%
Egalmoth Lord of the house of the Heavenly Arch. "he could shoot further than anyone of his folk". Escaped the Fall of Gondolin.
41%
Penlod Lord of the House of the Pillar and Lord of the House of the Tower of Snow. "Tallest of the Noldor".
41%
Salgant Lord of the house of the Harp. A coward who betrayed his King during the Fall of Gondolin
41%
Aranwë A nobleman of Gondolin
39%
Pengolodh A Loremaster of the Noldor, escaped the Fall of Gondolin.
35%
Elemmakil Captain of the Outer Guard stationed at the Gate of Wood.
33%
Meleth Nurse of #10.
18%
Hendor A house-carl of #2 in Gondolin. Carried #10 down the secret way out of Gondolin.
16%
Enerdhil A legendary Noldorin jewel-smith of Gondolin who was responsible for the making of the original Elessar
12%
No matching quizzes found
Score Distribution
Percent of People with Each Score
Percentile by Number Answered
Your Score History
You have not taken this quiz